[Event "4th Karpov Trophy Prelim"]
[Site "Cap d'Agde FRA"]
[Date "2015.10.25"]
[Round "6.4"]
[White "Edouard, Romain"]
[Black "Muzychuk, Anna"]
[Result "1/2-1/2"]
[WhiteTitle "GM"]
[BlackTitle "GM"]
[WhiteElo "2636"]
[BlackElo "2549"]
[WhiteFideId "633429"]
[BlackFideId "14111330"]
[EventDate "2015.10.23"]

1. e4 c5 2. Nf3 Nc6 3. Bb5 g6 4. Bxc6 bxc6 5. O-O Bg7 6. e5 f6 7. Qe2 fxe5 8.
Nxe5 d6 9. Nc4 Nf6 10. Re1 Nd5 11. Qf3 Bf5 12. Nc3 Nb4 13. d3 O-O 14. Qe2 Qd7
15. Bg5 Rae8 16. Qd2 Nd5 17. Bh6 Bxh6 18. Qxh6 e5 19. Ne4 Bxe4 20. dxe4 Nf4 21.
Qh4 Nxg2 22. Kxg2 Rf4 23. Qg3 Rg4 24. Rad1 Rxg3+ 25. hxg3 d5 26. exd5 cxd5 27.
Nxe5 Qb7 28. b3 d4+ 29. f3 Qb4 30. Re2 Qc3 31. Rde1 a5 32. a4 Kg7 33. f4 h5 34.
Kh3 Re6 35. Kg2 c4 36. bxc4 Qb4 37. Rd1 Rd6 38. Rd3 Qxa4 39. Rb3 Qe8 40. c5 Rd5
41. c6 Rc5 42. Rb7+ Kg8 43. c7 Qa8 44. Nc6 Qxb7 45. Re8+ Kf7 46. c8=Q Qxc6+ 47.
Qxc6 Rxc6 48. Ra8 Rxc2+ 49. Kh3 Rc5 50. Rd8 a4 51. Ra8 Rc4 52. Kg2 d3 53. Kf2
Rd4 54. Ke1 d2+ 55. Kd1 Ke6 56. Ra5 Kf6 57. Ra6+ Kf5 58. Ra5+ Ke4 59. Ra6 Kd3
60. Rxg6 Kc3 61. Ra6 Rb4 62. Rc6+ Kb2 63. Kxd2 a3 64. Rc2+ Kb3 65. Rc3+ Ka4 66.
Rc8 a2 67. Kc2 a1=N+ 1/2-1/2

[Event "4th Karpov Trophy Prelim"]
[Site "Cap d'Agde FRA"]
[Date "2015.10.26"]
[Round "7.1"]
[White "Muzychuk, Mariya"]
[Black "Edouard, Romain"]
[Result "0-1"]
[WhiteTitle "GM"]
[BlackTitle "GM"]
[WhiteElo "2528"]
[BlackElo "2636"]
[WhiteFideId "14114550"]
[BlackFideId "633429"]
[EventDate "2015.10.23"]

1. e4 c5 2. Nf3 d6 3. d4 cxd4 4. Qxd4 a6 5. h3 Nc6 6. Qe3 g6 7. c4 Bh6 8. Qc3
Qa5 9. Qxa5 Nxa5 10. Bxh6 Nxh6 11. Nc3 Be6 12. b3 O-O 13. Nd4 Nc6 14. Nxe6 fxe6
15. Be2 Kg7 16. O-O e5 17. Rad1 Rab8 18. Rd2 Nf7 19. g3 Ng5 20. Kg2 Ne6 21. Nd5
Ned4 22. f4 e6 23. Nb6 Rbd8 24. fxe5 dxe5 25. Rxf8 Kxf8 26. c5 Ke7 27. Bf1 a5
28. Nc4 Rc8 29. Rf2 Nd8 30. Nxe5 Rxc5 31. Nd3 Rc3 32. e5 N8c6 33. Rd2 Nc2 34.
Kf2 N2b4 35. Nxb4 axb4 36. Bg2 Nxe5 37. Bxb7 Nd3+ 38. Kg2 e5 39. h4 Nc5 40. Bd5
h6 41. Rf2 g5 42. hxg5 hxg5 43. Kh3 Nd3 44. Rf7+ Kd6 45. Bh1 Rc2 46. Rf6+ Ke7
47. Rf5 Ke6 48. g4 Nf2+ 49. Kg2 Nxg4+ 0-1

[Event "4th Karpov Trophy Prelim"]
[Site "Cap d'Agde FRA"]
[Date "2015.10.26"]
[Round "7.2"]
[White "Gharamian, Tigran"]
[Black "Abdumalik, Zhansaya"]
[Result "1/2-1/2"]
[WhiteTitle "GM"]
[BlackTitle "WGM"]
[WhiteElo "2654"]
[BlackElo "2390"]
[WhiteFideId "13301527"]
[BlackFideId "13703544"]
[EventDate "2015.10.23"]

1. e4 e5 2. Nf3 Nc6 3. Be2 Nf6 4. d3 d5 5. Nbd2 dxe4 6. dxe4 Bc5 7. O-O O-O 8.
c3 h6 9. b4 Bd6 10. Qc2 Ne7 11. a3 Ng6 12. Re1 a5 13. Bb2 c6 14. Rad1 Qe7 15.
Nc4 Bc7 16. bxa5 Be6 17. a4 Bxc4 18. Bxc4 Rxa5 19. Qb3 Bd6 20. Nd2 Bc5 21. h3
Rfa8 22. Ra1 Rd8 23. Nf1 Nf4 24. Rad1 Rxd1 25. Qxd1 Ra8 26. Qc2 Rd8 27. Bc1 N6h5
28. Kh2 Qh4 29. Ng3 Rd7 30. Rf1 g6 31. Nxh5 Qxh5 32. Be3 Qg5 33. g3 Bxe3 34.
fxe3 Nh5 35. Qf2 Kg7 36. Be2 Nf6 37. Qf3 h5 38. Kg2 h4 39. g4 Ne8 40. Rf2 Qf6
41. Bc4 Qxf3+ 42. Kxf3 Nf6 43. g5 Nh7 44. Kg4 f6 45. gxf6+ Nxf6+ 46. Kf3 Kh6 47.
Be6 Rd6 48. Bc8 b6 49. Rb2 c5 50. Rb5 Rc6 51. Bb7 Rd6 52. a5 bxa5 53. Rxc5 Rb6
54. Bc8 a4 55. Rxe5 Rc6 56. Bb7 Rxc3 57. Ra5 a3 58. e5 Ne8 59. e6 Kg7 60. Ra8
Nc7 61. Ra7 Nxe6 62. Bd5+ Nc7 63. Be4 Kf6 64. Ra4 Ne6 65. Ra6 Rc5 66. Bxg6 Kxg6
67. Rxe6+ Kf5 68. Ra6 Rc3 69. Ra4 Kg5 70. Rg4+ Kh5 71. Ra4 Kg5 72. Rg4+ Kh5 73.
Ra4 Kg5 74. Ke4 1/2-1/2

[Event "4th Karpov Trophy Prelim"]
[Site "Cap d'Agde FRA"]
[Date "2015.10.26"]
[Round "7.3"]
[White "Fressinet, Laurent"]
[Black "Sebag, Marie"]
[Result "1-0"]
[WhiteTitle "GM"]
[BlackTitle "GM"]
[WhiteElo "2702"]
[BlackElo "2496"]
[WhiteFideId "608742"]
[BlackFideId "617822"]
[EventDate "2015.10.23"]

1. Nf3 d5 2. g3 c6 3. Bg2 Bg4 4. O-O Nf6 5. d3 Nbd7 6. h3 Bxf3 7. Bxf3 e5 8. c4
Be7 9. cxd5 Nxd5 10. Nc3 N7f6 11. Qb3 Qd7 12. Bg2 O-O 13. Bd2 Rad8 14. Rac1 Rfe8
15. Rfd1 h6 16. Ne4 Nh7 17. Ba5 b6 18. Be1 c5 19. Nc3 Nhf6 20. a4 Nc7 21. h4 Ne6
22. Qb5 Qc7 23. Qc6 Qb8 24. Qb7 Qxb7 25. Bxb7 g5 26. hxg5 hxg5 27. Nb5 Nd4 28.
Kf1 g4 29. Bg2 a5 30. Na3 Bd6 31. Nc4 Bc7 32. Bc3 Nd5 33. Bxd5 Rxd5 34. Ne3 Rd6
35. Nxg4 f5 36. Bxd4 exd4 37. Nh2 f4 38. g4 Rh6 39. Nf3 Rh1+ 40. Kg2 Rxd1 41.
Rxd1 Rxe2 42. Nd2 Kg7 43. Kf3 Re8 44. Rh1 Kg6 45. Nc4 Rb8 46. Rh5 Rd8 47. Nd2
Rd7 48. b3 Rd8 49. Ne4 Rd7 50. Rg5+ Kf7 51. Rf5+ Kg6 52. Rf6+ Kg7 53. Rc6 Kf7
54. g5 Bd8 55. Kxf4 Kg7 56. Kg4 1-0

[Event "4th Karpov Trophy Prelim"]
[Site "Cap d'Agde FRA"]
[Date "2015.10.26"]
[Round "7.4"]
[White "Muzychuk, Anna"]
[Black "Karpov, Anatoly"]
[Result "1/2-1/2"]
[WhiteTitle "GM"]
[BlackTitle "GM"]
[WhiteElo "2549"]
[BlackElo "2628"]
[WhiteFideId "14111330"]
[BlackFideId "4100026"]
[EventDate "2015.10.23"]

1. e4 c6 2. d4 d5 3. Nc3 dxe4 4. Nxe4 Bf5 5. Ng3 Bg6 6. h4 h6 7. Nf3 e6 8. Ne5
Bh7 9. Bd3 Bxd3 10. Qxd3 Nf6 11. Bd2 Nbd7 12. Ng6 Nc5 13. dxc5 Qxd3 14. cxd3
fxg6 15. d4 Rd8 16. Be3 Kf7 17. Ke2 Rd5 18. f4 Be7 19. b4 Rhd8 20. Rad1 R5d7 21.
a3 a5 22. Rb1 axb4 23. axb4 Ra8 24. Rb3 Ra2+ 25. Kf3 Nd5 26. Ne2 b5 27. cxb6 Rb7
28. Nc1 Ra1 29. Rg1 Nxe3 30. Kxe3 Rxb6 31. Ne2 Ra4 32. Rgb1 Raxb4 33. Rxb4 Rxb4
34. Rxb4 Bxb4 35. Ng1 Be1 36. Nf3 Bg3 37. Ne5+ Kf6 38. Kf3 Be1 39. g3 h5 40.
Nxc6 Kf5 41. Na7 Bc3 42. Nb5 Bb4 43. Na7 Be7 44. Nc6 Bd6 45. Ne5 Bb4 46. Nc4 Kf6
47. Ne3 Bd2 48. Ke4 Be1 49. Kf3 Ke7 50. Nc4 Bc3 51. Ke4 Kf6 52. Ne3 1/2-1/2

[Event "4th Karpov Trophy Prelim"]
[Site "Cap d'Agde FRA"]
[Date "2015.10.26"]
[Round "8.1"]
[White "Gharamian, Tigran"]
[Black "Sebag, Marie"]
[Result "1-0"]
[WhiteTitle "GM"]
[BlackTitle "GM"]
[WhiteElo "2654"]
[BlackElo "2496"]
[WhiteFideId "13301527"]
[BlackFideId "617822"]
[EventDate "2015.10.23"]

1. e4 c5 2. Nf3 d6 3. Bb5+ Nc6 4. O-O Bd7 5. Re1 Nf6 6. c3 a6 7. Bf1 Bg4 8. h3
Bxf3 9. Qxf3 g6 10. d3 Bg7 11. Nd2 O-O 12. Qd1 Nd7 13. Nf3 b5 14. d4 cxd4 15.
cxd4 Rc8 16. Bg5 Nb6 17. Rc1 Qd7 18. b3 Nb4 19. Qd2 Nc6 20. d5 Nb8 21. Qa5 Qb7
22. a4 bxa4 23. bxa4 h6 24. Bxe7 Qxe7 25. Qxb6 Rxc1 26. Rxc1 Qxe4 27. Qxd6 Qxa4
28. Rc7 Qb3 29. Qc5 Bf6 30. d6 Kg7 31. Bc4 Qa4 32. Qd5 Nd7 33. Kh2 h5 34. Bb3
Be5+ 35. g3 1-0

[Event "4th Karpov Trophy Prelim"]
[Site "Cap d'Agde FRA"]
[Date "2015.10.26"]
[Round "8.2"]
[White "Fressinet, Laurent"]
[Black "Muzychuk, Mariya"]
[Result "1-0"]
[WhiteTitle "GM"]
[BlackTitle "GM"]
[WhiteElo "2702"]
[BlackElo "2528"]
[WhiteFideId "608742"]
[BlackFideId "14114550"]
[EventDate "2015.10.23"]

1. Nf3 c5 2. e4 e6 3. g3 Nc6 4. Bg2 Nf6 5. d3 d6 6. O-O Be7 7. Re1 e5 8. c3 O-O
9. Nbd2 Be6 10. Nf1 h6 11. Ne3 b5 12. Nh4 Re8 13. Nd5 Qd7 14. Bd2 Rab8 15. a3
Bh3 16. Nf5 Bxf5 17. exf5 Rec8 18. Nxe7+ Nxe7 19. g4 c4 20. d4 exd4 21. cxd4 Nc6
22. h4 d5 23. Bf4 Rb6 24. Be5 b4 25. Bxf6 gxf6 26. Qd2 Kg7 27. Qf4 bxa3 28. Rxa3
Qc7 29. Qd2 Qd6 30. g5 hxg5 31. hxg5 Rb3 32. Re3 Rxa3 33. Rxa3 Rb8 34. Rg3 Kf8
35. g6 fxg6 36. Qh6+ Ke7 37. Rxg6 Rf8 38. Rg7+ Rf7 39. Qe3+ Kf8 40. Rg3 Ne7 41.
Qh6+ Ke8 42. Qh5 Qc7 43. Rg7 Nc6 44. Qh8+ 1-0

[Event "4th Karpov Trophy Prelim"]
[Site "Cap d'Agde FRA"]
[Date "2015.10.26"]
[Round "8.3"]
[White "Muzychuk, Anna"]
[Black "Abdumalik, Zhansaya"]
[Result "1/2-1/2"]
[WhiteTitle "GM"]
[BlackTitle "WGM"]
[WhiteElo "2549"]
[BlackElo "2390"]
[WhiteFideId "14111330"]
[BlackFideId "13703544"]
[EventDate "2015.10.23"]

1. f4 d5 2. Nf3 Nf6 3. g3 g6 4. Bg2 Bg7 5. O-O O-O 6. d3 c5 7. Qe1 Nc6 8. e4
dxe4 9. dxe4 e5 10. c3 Re8 11. f5 gxf5 12. Nh4 fxe4 13. Nd2 Ne7 14. Nxe4 Nxe4
15. Bxe4 Rf8 16. Bg5 f6 17. Rd1 Qb6 18. Be3 Bg4 19. Rd2 f5 20. Bg2 Qc7 21. Rdf2
Rad8 22. Qc1 f4 23. gxf4 Nd5 24. f5 Nxe3 25. Qxe3 Rf6 26. Qg5 Bd1 27. c4 Rd4 28.
Bd5+ Kf8 29. Rg2 Qe7 30. h3 Qc7 31. Nf3 Bxf3 32. Rxf3 h6 33. Qc1 Ke8 34. Rfg3
Bf8 35. Be6 Qd6 36. Qc2 a6 37. Qe2 e4 38. h4 Kd8 39. Kh2 Kc7 40. Kh3 Kb6 41. Bd5
Qe5 42. Rb3+ Kc7 43. Rxb7+ Kc8 44. Rb3 Qxf5+ 45. Qg4 Qxg4+ 46. Rxg4 Rd3+ 47.
Rxd3 exd3 48. Rg3 Rf2 49. Rxd3 Rxb2 50. Ra3 Rb6 51. Kg4 Be7 52. h5 Kd7 53. Kf5
Rf6+ 54. Ke5 Rb6 55. Rf3 Bd6+ 56. Ke4 Be7 57. Rf7 Rf6 58. Rh7 Rb6 59. Ke5 a5 60.
Be4 Kd8 61. Bf5 Ra6 62. Rh8+ Kc7 63. Rh7 Kd8 64. a4 Rb6 65. Be6 Bg5 66. Kd5 Rb4
67. Kxc5 Rxa4 68. Kc6 Ra1 69. c5 a4 70. Ra7 a3 71. Bd5 Be3 72. Kd6 Bf4+ 73. Ke6
Be3 74. Kd6 Bf4+ 75. Ke6 Be3 76. Kd6 Bf4+ 77. Ke6 Be3 78. Kd6 Bf4+ 79. Ke6 Be3 1/2-1/2

[Event "4th Karpov Trophy Prelim"]
[Site "Cap d'Agde FRA"]
[Date "2015.10.26"]
[Round "8.4"]
[White "Edouard, Romain"]
[Black "Karpov, Anatoly"]
[Result "1/2-1/2"]
[WhiteTitle "GM"]
[BlackTitle "GM"]
[WhiteElo "2636"]
[BlackElo "2628"]
[WhiteFideId "633429"]
[BlackFideId "4100026"]
[EventDate "2015.10.23"]

1. d4 Nf6 2. c4 e6 3. Nc3 Bb4 4. Nf3 b6 5. Qb3 Qe7 6. g3 Bb7 7. Bg2 O-O 8. O-O
Bxc3 9. Qxc3 d6 10. b4 Nbd7 11. Bb2 c5 12. dxc5 dxc5 13. b5 Rfd8 14. a4 a6 15.
Rfd1 Ne8 16. Qc2 axb5 17. axb5 Nef6 18. Bxf6 gxf6 19. Rxa8 Rxa8 20. Qd2 Bxf3 21.
Bxf3 Ra7 22. Be4 f5 23. Bc6 Ne5 24. Qf4 Qf6 25. g4 h6 26. gxf5 Qxf5 27. Qxh6
Qg6+ 28. Qxg6+ fxg6 29. Be4 Kf7 30. Bd3 Ra4 31. f3 g5 32. Kf2 Ra3 33. Kg3 Kf6
34. Kf2 1/2-1/2

[Event "4th Karpov Trophy Prelim"]
[Site "Cap d'Agde FRA"]
[Date "2015.10.27"]
[Round "9.1"]
[White "Muzychuk, Mariya"]
[Black "Gharamian, Tigran"]
[Result "1/2-1/2"]
[WhiteTitle "GM"]
[BlackTitle "GM"]
[WhiteElo "2528"]
[BlackElo "2654"]
[WhiteFideId "14114550"]
[BlackFideId "13301527"]
[EventDate "2015.10.23"]

1. e4 g6 2. d4 Bg7 3. Nc3 a6 4. Be3 d6 5. Qd2 b5 6. h4 Bb7 7. h5 b4 8. Nd5 a5 9.
h6 Bf8 10. Bd3 e6 11. Bg5 f6 12. Nxf6+ Nxf6 13. e5 Be7 14. exf6 Bxf6 15. f4 Bxg5
16. fxg5 O-O 17. Nh3 Nd7 18. O-O-O e5 19. Bc4+ Kh8 20. Be6 Re8 21. Bf7 Rf8 22.
dxe5 Nxe5 23. Bd5 Bxd5 24. Qxd5 Rf5 25. Rhf1 Qg8 26. Rxf5 gxf5 27. Nf4 Qxd5 28.
Nxd5 Rg8 29. Nxc7 Rxg5 30. Rxd6 Rxg2 31. b3 f4 32. Nd5 f3 33. Ne3 Rg6 34. Rd5
Nf7 35. Rf5 Nxh6 36. Rxf3 Rg5 37. Rf8+ Kg7 38. Ra8 Nf7 39. Nc4 h5 40. Ra7 Rd5
41. Ne3 Rg5 42. Nc4 Rd5 43. Ne3 Rg5 44. Nc4 Rd5 1/2-1/2

[Event "4th Karpov Trophy Prelim"]
[Site "Cap d'Agde FRA"]
[Date "2015.10.27"]
[Round "9.2"]
[White "Sebag, Marie"]
[Black "Muzychuk, Anna"]
[Result "0-1"]
[WhiteTitle "GM"]
[BlackTitle "GM"]
[WhiteElo "2496"]
[BlackElo "2549"]
[WhiteFideId "617822"]
[BlackFideId "14111330"]
[EventDate "2015.10.23"]

1. e4 c5 2. Nf3 Nc6 3. d4 cxd4 4. Nxd4 Nf6 5. Nc3 e5 6. Ndb5 d6 7. Bg5 a6 8. Na3
b5 9. Nd5 Be7 10. Bxf6 Bxf6 11. c4 b4 12. Nc2 O-O 13. g3 Bg5 14. Bg2 Qa5 15. O-O
Qc5 16. b3 a5 17. Qd3 Be6 18. Rad1 Bxd5 19. Qxd5 Rfd8 20. h4 Bh6 21. Kh2 Ne7 22.
Qd3 a4 23. a3 Nc6 24. axb4 Nxb4 25. Nxb4 Qxb4 26. bxa4 Rxa4 27. f4 exf4 28. gxf4
Qxc4 29. Qg3 g6 30. Kh1 Qe6 31. e5 Qe7 32. Bc6 Rb4 33. Bd5 dxe5 34. fxe5 Rxh4+
35. Kg2 Rxd5 36. Rxd5 Rh5 37. Qf3 Rg5+ 38. Kh3 Rf5 39. Qd3 Rxf1 40. Rd8+ Kg7 0-1

[Event "4th Karpov Trophy Prelim"]
[Site "Cap d'Agde FRA"]
[Date "2015.10.27"]
[Round "9.4"]
[White "Fressinet, Laurent"]
[Black "Edouard, Romain"]
[Result "1/2-1/2"]
[WhiteTitle "GM"]
[BlackTitle "GM"]
[WhiteElo "2702"]
[BlackElo "2636"]
[WhiteFideId "608742"]
[BlackFideId "633429"]
[EventDate "2015.10.23"]

1. d4 d5 2. Nf3 Nf6 3. c4 dxc4 4. e3 e6 5. Bxc4 c5 6. O-O a6 7. Nc3 b5 8. Be2
Bb7 9. dxc5 Bxc5 10. Qxd8+ Kxd8 11. Nd2 Ke7 12. Nb3 Bd6 13. Rd1 Rd8 14. f3 Bc7
15. Rxd8 Bxd8 16. e4 Nfd7 17. Be3 Nc6 18. Rd1 Rc8 19. a4 b4 20. Na2 Ke8 21. Nac1
Nce5 22. Nd3 Nxd3 23. Bxd3 Ne5 24. Bf1 Rc2 25. Rd2 Rxd2 26. Nxd2 g5 27. Nb3 a5
28. Bd4 f6 29. Nc5 Bc8 30. Bb5+ Ke7 31. Kf2 h5 32. Nb3 Bc7 33. h3 h4 34. Bc5+
Kf7 35. Nd4 f5 36. exf5 exf5 37. Bf1 Bd7 38. b3 g4 39. Nb5 Bd8 40. Bd4 Nc6 41.
Bc4+ Be6 42. Bxe6+ Kxe6 43. fxg4 fxg4 44. hxg4 Kd5 45. Bb2 Ke4 46. Ke2 Kf4 47.
Nd4 Nxd4+ 48. Bxd4 Kxg4 49. Bf2 Bc7 50. Kd3 Bd8 51. Kc4 Kf4 52. Kd5 Kg4 53. Kc6
Bg5 54. Kb5 Bd8 55. Kc6 Bg5 56. Kd5 Bd8 57. Ke4 Bc7 58. Kd3 Bd8 59. Ke2 Kf4 60.
Kd3 Ke5 1/2-1/2

[Event "4th Karpov Trophy Prelim"]
[Site "Cap d'Agde FRA"]
[Date "2015.10.27"]
[Round "10.2"]
[White "Gharamian, Tigran"]
[Black "Fressinet, Laurent"]
[Result "1/2-1/2"]
[WhiteTitle "GM"]
[BlackTitle "GM"]
[WhiteElo "2654"]
[BlackElo "2702"]
[WhiteFideId "13301527"]
[BlackFideId "608742"]
[EventDate "2015.10.23"]

1. e4 e5 2. Nf3 Nc6 3. Bb5 Nf6 4. O-O Nxe4 5. d4 Nd6 6. dxe5 Nxb5 7. a4 Nbd4 8.
Nxd4 d5 9. exd6 Bxd6 10. Re1+ Be7 11. Nxc6 Qxd1 12. Rxd1 bxc6 13. Bf4 Bf5 14.
Na3 Rb8 15. b3 Bxa3 16. Rxa3 Bxc2 17. Rc1 Bf5 18. Rxc6 Rb7 19. Rxc7 Rxc7 20.
Bxc7 Kd7 21. Bf4 Re8 22. Be3 a5 23. h3 Bc2 24. Bd2 Ra8 25. Kf1 g6 26. Bc3 Rb8
27. Bxa5 Rxb3 28. Ra1 Rb1+ 29. Rxb1 Bxb1 30. Bc3 Bd3+ 31. Ke1 h5 32. h4 Kc6 33.
Kd2 Bf1 34. g3 Kb7 35. Ke3 Bc4 36. Kf4 Bb3 37. a5 Ka6 38. Kg5 Bd5 39. Kf6 Bb3
40. Kg5 Be6 41. f3 Bb3 42. g4 hxg4 43. fxg4 Bd1 44. h5 gxh5 45. gxh5 f6+ 46. Kg6
Bxh5+ 47. Kxh5 1/2-1/2

[Event "4th Karpov Trophy Prelim"]
[Site "Cap d'Agde FRA"]
[Date "2015.10.27"]
[Round "10.3"]
[White "Muzychuk, Anna"]
[Black "Muzychuk, Mariya"]
[Result "1/2-1/2"]
[WhiteTitle "GM"]
[BlackTitle "GM"]
[WhiteElo "2549"]
[BlackElo "2528"]
[WhiteFideId "14111330"]
[BlackFideId "14114550"]
[EventDate "2015.10.23"]

1. e4 e5 2. Nf3 Nf6 3. Nxe5 d6 4. Nf3 Nxe4 5. Nc3 Nxc3 6. dxc3 Be7 7. Be3 O-O 8.
Qd2 Qe8 9. Bd3 Nc6 10. O-O-O Ne5 11. Nxe5 dxe5 12. c4 Qa4 13. Kb1 Be6 14. Qc3
Bf6 15. Qb3 Qxb3 16. axb3 Be7 17. f3 a5 18. c3 a4 19. bxa4 Rxa4 20. b3 Ra3 21.
Kb2 Rfa8 22. Ra1 Rxa1 23. Rxa1 Rxa1 24. Kxa1 f5 25. Kb2 b6 26. Kc2 g5 27. h3 h5
28. Kd2 Kg7 29. Ke2 Kf6 30. Bc2 Bd6 31. Bf2 Be7 32. Bb1 Bd6 33. Bc2 Be7 34. Bb1
Bd6 35. Bc2 Be7 1/2-1/2

[Event "4th Karpov Trophy Prelim"]
[Site "Cap d'Agde FRA"]
[Date "2015.10.27"]
[Round "10.4"]
[White "Edouard, Romain"]
[Black "Abdumalik, Zhansaya"]
[Result "1-0"]
[WhiteTitle "GM"]
[BlackTitle "WGM"]
[WhiteElo "2636"]
[BlackElo "2390"]
[WhiteFideId "633429"]
[BlackFideId "13703544"]
[EventDate "2015.10.23"]

1. Nf3 Nf6 2. c4 c5 3. Nc3 Nc6 4. e3 e6 5. d4 d5 6. cxd5 Nxd5 7. Bc4 cxd4 8.
exd4 Be7 9. O-O O-O 10. a3 g6 11. Qd3 Bf6 12. Ne4 Bg7 13. Bg5 f6 14. Bd2 Kh8 15.
Rfe1 Nb6 16. Nc5 Nxc4 17. Qxc4 Qd5 18. Rac1 Nd8 19. Qxd5 exd5 20. Re7 Nc6 21.
Rc7 f5 22. Nxb7 Nxd4 23. Nxd4 Bxd4 24. Bh6 Bxb2 25. Re1 Bxb7 26. Bxf8 Rxf8 27.
Rb1 Re8 28. g3 d4 29. Rxb7 Bxa3 30. Rxa7 Bf8 31. Rbb7 h5 32. Ra6 d3 33. Rd7 d2
34. Rxd2 Kg7 35. Kg2 h4 36. gxh4 Kh6 37. Rd3 Bc5 38. Rd5 Be7 39. h5 Bg5 40. hxg6
Rf8 41. Rd7 Rf6 42. g7 Kh7 43. Ra8 1-0

[Event "4th Karpov Trophy Prelim"]
[Site "Cap d'Agde FRA"]
[Date "2015.10.28"]
[Round "11.3"]
[White "Gharamian, Tigran"]
[Black "Edouard, Romain"]
[Result "1/2-1/2"]
[WhiteTitle "GM"]
[BlackTitle "GM"]
[WhiteElo "2654"]
[BlackElo "2636"]
[WhiteFideId "13301527"]
[BlackFideId "633429"]
[EventDate "2015.10.23"]

1. e4 c5 2. Nf3 d6 3. Bb5+ Nd7 4. c3 Nf6 5. Qe2 a6 6. Ba4 g6 7. O-O Bg7 8. d4 b5
9. Bc2 cxd4 10. cxd4 Bb7 11. a4 O-O 12. Re1 bxa4 13. Rxa4 e5 14. dxe5 dxe5 15.
Be3 Qe7 16. Nc3 Nh5 17. Nd5 Bxd5 1/2-1/2

[Event "4th Karpov Trophy Prelim"]
[Site "Cap d'Agde FRA"]
[Date "2015.10.28"]
[Round "11.4"]
[White "Fressinet, Laurent"]
[Black "Muzychuk, Anna"]
[Result "1/2-1/2"]
[WhiteTitle "GM"]
[BlackTitle "GM"]
[WhiteElo "2702"]
[BlackElo "2549"]
[WhiteFideId "608742"]
[BlackFideId "14111330"]
[EventDate "2015.10.23"]

1. d4 f5 2. Nc3 d5 3. Bg5 g6 4. e3 Bg7 5. h4 c6 6. Bf4 Nd7 7. Nf3 Ngf6 8. Ng5
Nf8 9. Be5 h6 10. Nf3 Be6 11. Bd3 Rg8 12. Ne2 Ng4 13. Bxg7 Rxg7 14. c3 Qd6 15.
Qc2 Nf6 16. O-O-O N8d7 17. Nf4 Ne4 18. Rhg1 g5 19. hxg5 hxg5 20. Nxe6 Qxe6 21.
c4 g4 22. Nh4 Qf6 23. Rh1 Rh7 24. g3 e6 25. Ng2 Rxh1 26. Rxh1 O-O-O 27. Nf4 Kb8
28. Kb1 e5 29. dxe5 Nxe5 30. Bxe4 dxe4 31. Qc3 Qe7 32. a3 Nd3 33. Rh8 Nxf4 34.
exf4 Rxh8 35. Qxh8+ Kc7 36. Qd4 Qd6 37. Qxd6+ Kxd6 1/2-1/2

[Event "4th Karpov Trophy Prelim"]
[Site "Cap d'Agde FRA"]
[Date "2015.10.28"]
[Round "12.3"]
[White "Muzychuk, Anna"]
[Black "Gharamian, Tigran"]
[Result "1/2-1/2"]
[WhiteTitle "GM"]
[BlackTitle "GM"]
[WhiteElo "2549"]
[BlackElo "2654"]
[WhiteFideId "14111330"]
[BlackFideId "13301527"]
[EventDate "2015.10.23"]

1. e4 c6 2. d4 d5 3. e5 Bf5 4. h4 h6 5. g4 Bd7 6. h5 c5 7. c3 Nc6 8. Be3 Qb6 9.
b3 cxd4 10. cxd4 Rc8 11. a3 f6 12. exf6 Nxf6 13. Be2 e6 14. Nh3 Bd6 15. Qd3 Ne7
16. Nd2 a6 17. Bf4 O-O 18. Qe3 Bxf4 19. Nxf4 Nc6 20. Ng6 Qxd4 21. Ne7+ Kf7 22.
Qxd4 Nxd4 23. Nxc8 Nc2+ 24. Kd1 Nxa1 25. Nd6+ Ke7 26. Nxb7 Bb5 27. Nc5 Bxe2+ 28.
Kxe2 Nc2 29. f3 Rc8 30. b4 Nxa3 31. Ra1 Nc2 32. Rxa6 Nxb4 33. Rxe6+ Kf7 34. Rb6
Rxc5 35. Rxb4 Rc7 36. Nb3 g6 37. hxg6+ Kxg6 38. Rb6 Re7+ 39. Kf2 Rf7 40. Nd4 h5
41. Nc6 Kg5 42. Nd8 Nxg4+ 43. Kg2 Ne3+ 44. Kf2 Ng4+ 45. Kg2 Ne3+ 46. Kf2 Ng4+
47. Kg2 1/2-1/2

[Event "4th Karpov Trophy Prelim"]
[Site "Cap d'Agde FRA"]
[Date "2015.10.28"]
[Round "12.4"]
[White "Edouard, Romain"]
[Black "Sebag, Marie"]
[Result "1/2-1/2"]
[WhiteTitle "GM"]
[BlackTitle "GM"]
[WhiteElo "2636"]
[BlackElo "2496"]
[WhiteFideId "633429"]
[BlackFideId "617822"]
[EventDate "2015.10.23"]

1. e4 c5 2. Nf3 d6 3. Bb5+ Nd7 4. O-O Nf6 5. Re1 a6 6. Bd3 e5 7. c3 Be7 8. Bc2
O-O 9. d4 b5 10. Nbd2 Bb7 11. Nf1 Re8 12. Ng3 Bf8 13. d5 g6 14. h3 Qc7 15. Be3
c4 16. Nh2 Bg7 17. Ng4 Nxg4 18. hxg4 a5 19. Qd2 Bf6 20. f3 Bh4 21. Kf2 f6 22.
Rh1 Bxg3+ 23. Kxg3 Re7 24. Rh6 Nc5 25. Rah1 Rf8 26. Qf2 Bc8 27. Kh2 b4 28. Bxc5
Qxc5 29. Qxc5 dxc5 30. Ba4 Bd7 31. Bxd7 Rxd7 32. Rc1 Rb8 33. cxb4 Rxb4 34. Kg3
Rxb2 35. Rxc4 Rc7 36. a3 Rb3 37. Rh1 Rxa3 38. Rb1 a4 39. Rb6 Kf7 40. Ra6 Ra2 41.
Ra5 a3 42. Rcxc5 Rxc5 43. Rxc5 Rd2 44. Rc7+ Kg8 45. Ra7 a2 46. Kh3 g5 47. Kg3 1/2-1/2

[Event "4th Karpov Trophy Prelim"]
[Site "Cap d'Agde FRA"]
[Date "2015.10.29"]
[Round "13.1"]
[White "Muzychuk, Mariya"]
[Black "Sebag, Marie"]
[Result "0-1"]
[WhiteTitle "GM"]
[BlackTitle "GM"]
[WhiteElo "2528"]
[BlackElo "2496"]
[WhiteFideId "14114550"]
[BlackFideId "617822"]
[EventDate "2015.10.23"]

1. e4 c5 2. Nf3 d6 3. Bb5+ Bd7 4. Bxd7+ Qxd7 5. O-O Nc6 6. c3 Nf6 7. d4 Nxe4 8.
d5 Ne5 9. Re1 Nxf3+ 10. Qxf3 Nf6 11. b4 cxb4 12. cxb4 e5 13. dxe6 fxe6 14. Bb2
Be7 15. Qh3 Kf7 16. Nd2 e5 17. Qd3 Rhf8 18. Nf3 Kg8 19. Qb3+ Kh8 20. Ng5 h6 21.
Ne6 Rfe8 22. f4 Bd8 23. f5 Bb6+ 24. Kh1 Qf7 25. Qf3 Rac8 26. Rac1 Rxc1 27. Rxc1
Qd7 28. h3 g6 29. g4 gxf5 30. gxf5 Rc8 31. Rd1 Qc6 32. Qxc6 Rxc6 33. Rc1 Kg8 34.
Kg2 Nd5 35. Kf3 Nxb4 36. a3 Nd3 37. Rxc6 bxc6 38. Bc3 Kf7 39. Bd2 Nc5 40. Nxc5
Bxc5 41. Bxh6 Bxa3 42. h4 Bb2 43. Bd2 d5 44. h5 e4+ 45. Kf4 Kf6 46. h6 Be5+ 47.
Kg4 d4 48. Bb4 e3 49. Bf8 Kf7 50. Bb4 d3 51. Kf3 Bd4 52. h7 d2 53. Ke2 Kg7 54.
f6+ Bxf6 55. Bc5 Bg5 0-1